<?xml version="1.0" encoding="UTF-8"?>
<record
    xmlns:xsi="http://www.w3.org/2001/XMLSchema-instance"
    xsi:schemaLocation="http://www.loc.gov/MARC21/slim http://www.loc.gov/standards/marcxml/schema/MARC21slim.xsd"
    xmlns="http://www.loc.gov/MARC21/slim">

  <leader>00830nam a2200265 a 4500</leader>
  <controlfield tag="001">BRL_164</controlfield>
  <controlfield tag="005">20190320210621.0</controlfield>
  <controlfield tag="008">820719s1981####gt-a#####b---#000-0#spa-#</controlfield>
  <datafield tag="040" ind1=" " ind2=" ">
    <subfield code="a">DLC</subfield>
    <subfield code="c">DLC</subfield>
    <subfield code="d">DLC</subfield>
  </datafield>
  <datafield tag="041" ind1=" " ind2=" ">
    <subfield code="a">spa</subfield>
  </datafield>
  <datafield tag="044" ind1=" " ind2=" ">
    <subfield code="a">gt</subfield>
  </datafield>
  <datafield tag="050" ind1=" " ind2="4">
    <subfield code="a">GT4987.2</subfield>
    <subfield code="b">.L85 1981</subfield>
  </datafield>
  <datafield tag="100" ind1="1" ind2=" ">
    <subfield code="a">Luj&#xE1;n Mu&#xF1;oz, Luis</subfield>
    <subfield code="d">1934-2005</subfield>
    <subfield code="9">23083</subfield>
  </datafield>
  <datafield tag="245" ind1="1" ind2="0">
    <subfield code="a">Tradiciones navide&#xF1;as de Guatemala</subfield>
    <subfield code="c">Luis Luj&#xE1;n Mu&#xF1;oz.</subfield>
  </datafield>
  <datafield tag="260" ind1=" " ind2=" ">
    <subfield code="a">Guatemala</subfield>
    <subfield code="b">Esso Central Am&#xE9;rica</subfield>
    <subfield code="c">1981</subfield>
  </datafield>
  <datafield tag="300" ind1=" " ind2=" ">
    <subfield code="a">199 p.</subfield>
    <subfield code="b">il. (algunas a color)</subfield>
    <subfield code="c">22 cm.</subfield>
  </datafield>
  <datafield tag="440" ind1=" " ind2="0">
    <subfield code="a">Cuadernos de la tradici&#xF3;n guatemalteca</subfield>
    <subfield code="n">1</subfield>
    <subfield code="9">23084</subfield>
  </datafield>
  <datafield tag="500" ind1=" " ind2=" ">
    <subfield code="a">Au217</subfield>
  </datafield>
  <datafield tag="504" ind1=" " ind2=" ">
    <subfield code="a">Bibliograf&#xED;a: p. 85-89</subfield>
  </datafield>
  <datafield tag="650" ind1="1" ind2="4">
    <subfield code="a">Navidad</subfield>
    <subfield code="z">Guatemala</subfield>
    <subfield code="9">23085</subfield>
  </datafield>
  <datafield tag="651" ind1=" " ind2="4">
    <subfield code="a">Guatemala</subfield>
    <subfield code="x">Vida social y costumbres</subfield>
    <subfield code="9">23086</subfield>
  </datafield>
  <datafield tag="651" ind1=" " ind2="4">
    <subfield code="a">Guatemala</subfield>
    <subfield code="x">Vida religiosa y costumbres</subfield>
    <subfield code="9">23087</subfield>
  </datafield>
  <datafield tag="902" ind1=" " ind2=" ">
    <subfield code="a">GRL</subfield>
  </datafield>
  <datafield tag="942" ind1=" " ind2=" ">
    <subfield code="2">lcc</subfield>
    <subfield code="c">B</subfield>
  </datafield>
  <datafield tag="999" ind1=" " ind2=" ">
    <subfield code="c">8977</subfield>
    <subfield code="d">8977</subfield>
  </datafield>
  <datafield tag="952" ind1=" " ind2=" ">
    <subfield code="0">0</subfield>
    <subfield code="1">0</subfield>
    <subfield code="4">0</subfield>
    <subfield code="7">0</subfield>
    <subfield code="a">BRL</subfield>
    <subfield code="b">BRL</subfield>
    <subfield code="d">2012-10-22</subfield>
    <subfield code="i">Au217</subfield>
    <subfield code="l">0</subfield>
    <subfield code="o">GT4987.2 .L85 1981 (Au217)</subfield>
    <subfield code="p">GRL00688</subfield>
    <subfield code="r">2019-03-22 00:00:00</subfield>
    <subfield code="w">2019-03-22</subfield>
    <subfield code="y">B</subfield>
  </datafield>
</record>
